Advances in applied mechanics /

Guardado en:
Otros Autores: Yih, Chia-Shun, (Editor , ed.)
Formato: Libro
Idioma:English
Publicado: New York, N.Y. : Academic Press, 1948-
Materias:
Etiquetas: Agregar Etiqueta
Sin Etiquetas, Sea el primero en etiquetar este registro!
LEADER 00690nam a22001935a 4500
001 EIQ.libpla001093
008 060726s1948####nyua#####b####001#0#eng#d
005 20060726113543.0
245 1 0 |a Advances in applied mechanics /  |c edited by Chia-Shun Yih. 
260 |a New York, N.Y. :  |b Academic Press,  |c 1948- 
300 |a vi, 324 p. :  |b il. ;  |c 23 cm. 
500 |a La biblioteca posee vol. 19. 
504 |a Incluye referencias bibliográficas e índices. 
020 |a 012002019x 
700 1 |a Yih, Chia-Shun,  |e ed.  |4 edt 
650 4 |a Mecánica de fluidos  |x Avances. 
650 4 |a Fluid mechanics  |x Advances. 
040 |a AR-BbSID  |b spa  |c AR-BbSID 
859 |a AR-BbSID  |b BIB. PLAPIQUI  |h 620.107  |i Ad 95  |p 734  |3 Vol. 19